| 000 | 00516nam a2200169Ia 4500 | ||
|---|---|---|---|
| 020 | _a0853342822 | ||
| 040 | _cAGL | ||
| 082 | _a630 ELS 1984 A056 Or. | ||
| 100 | 1 | _aSmith, Peter | |
| 245 | 1 | 0 |
_aAgricultural project management : _bmonitoring and control of implementation / |
| 260 |
_aLondon ; _aNew York : _bElsevier Applied Science Publishers, _c1984 |
||
| 300 |
_aix, 190 p. : _bill. ; _c23 cm |
||
| 500 | _aIncludes index | ||
| 650 | 0 | _aAgricultural development projects | |
| 650 | 0 | _aAgriculture | |
| 942 | _cEK | ||
| 999 |
_c15573 _d15573 |
||